| 000 | 00458nam a2200121Ia 4500 | ||
|---|---|---|---|
| 008 | 220615s9999||||xx |||||||||||||| ||und|| | ||
| 100 | _aHuang, Weiwei | ||
| 245 | 0 |
_aBuilt on Value _bThe Huawei Philosophy of Finance Management |
|
| 546 | _aEnglish[eng] | ||
| 650 | _aBusiness||Management science||Management||Business enterprises—Finance||Manpower policy | ||
| 856 | _uhttps://library.oapen.org/bitstream/20.500.12657/23180/1/1006973.pdf | ||
| 942 | _cEB | ||
| 999 |
_c10616 _d10616 |
||